000 01488cam a2200361 a 4500
001 991008216859706706
003 ES-BaIT
005 20260511135312.0
008 910307s1989 spca || o100 ||cat
015 _aLL2009
_2bnc
017 _aDL B. 29669-1989
_bBiblioteca de Catalunya
020 _a8439311699
035 _a(ES-BaCBU).b1191905x
035 _a114546
035 _a(OCoLC)802527356
040 _aES-BaBC
_bcat
_cES-BaBC
043 _ae-sp---
_be-spc--
_2catmarc
080 _a792-053.2(467.1)(061.3)
080 _a792.077(460.23)(061.3)
111 2 _aJornades de Debat sobre Teatre Infantil i Juvenil a Catalunya
_d(1986 :
_cTerrassa, Catalunya)
_9169467
245 1 0 _aMemòria de les Jornades de debat sobre teatre infantil i juvenil a Catalunya :
_bTerrassa, 18-19 d'octubre 1986
260 _aBarcelona :
_bGeneralitat de Catalunya. Departament de Cultura,
_c1989
300 _a155 p. :
_bil. col. ;
_c29 cm
500 _aRecull de les ponències de les jornades
500 _aA la part superior de la portada: Direcció General de Difusió Cultural. Servei de Promoció Cultural
650 7 _aTeatre infantil
_zCatalunya
_xCongressos
_2lemac
_9121237
650 7 _aTeatre juvenil
_zCatalunya
_xCongressos
_2lemac
_9169468
650 7 _aTeatre en l'ensenyament
_z Catalunya
_x
_2lemac
_9169469
710 1 _aCatalunya.
_bDepartament de Cultura
_953859
908 _aBMON
_aBC
_aUAB
_aUB
_aUdG
_aGCDSI
_aGCCult
_aURL
_aCLR
_aCDMAE
940 _aBC
942 _2udc
_c1
999 _c137439
_d137439